US States of the Top 200 JetPunkers - Statistics

General Stats
  • This quiz has been taken 868 times
  • The average score is 13 of 18
Answers on the Map
Answers color-coded by a green-red scale on the quiz's map according to % correct below.
 
Answer Stats
User(s) State % Correct
cosmokim, Jato Texas
99%
Elan, FlabberBapper California
98%
Gamer1162 Florida
97%
Macaco, Quizmaster Washington
91%
buck1017, zwerth66 Illinois
83%
ThatOneGuy25 Oregon
83%
Seals Arizona
79%
CrazyWombat Georgia
79%
kiwirage Michigan
79%
HinesBrothers, Kestrana Virginia
74%
Coyuznik North Carolina
69%
Jeremy Colorado
68%
joez New Jersey
68%
WolfCam Massachusetts
67%
johnsonncn5 Indiana
60%
Devvik2 Hawaii
56%
mo918 South Carolina
48%
Kvkq Delaware
27%
No matching quizzes found
Score Distribution
Percent of People with Each Score
Percentile by Number Answered
Your Score History
You have not taken this quiz